| 000 | 004010000a22001690004500 | ||
|---|---|---|---|
| 003 | MACL | ||
| 005 | 20160106113148.0 | ||
| 008 | 160106b xxu||||| |||| 00| 0 eng d | ||
| 040 |
_aMACL _cMACL |
||
| 041 | _aEnglish | ||
| 082 | _a822/MAX | ||
| 100 |
_aMaxwell, Patrick _928422 |
||
| 245 | _aWilliam Tell | ||
| 260 |
_bWalter Scott Ltd _aLondon |
||
| 650 |
_aDrama _928423 |
||
| 942 |
_cBK _k822/MAX _2ddc |
||
| 999 |
_c37766 _d37766 |
||